Music Quiz

Random Music or Album Quiz

Rolling Stone's 100 Albums (1980s) Quiz Stats

Quiz Updated Jul 23, 2013

Challenge
Share
Tweet
Embed
Score 0/100 Timer 15:00
0 Plays Today
Rank Artist % Correct
7Michael Jackson
95.2%
2Prince & the Revolution
94.3%
16Prince
94.3%
18Prince
94.3%
74Prince
94.3%
6Bruce Springsteen
91%
25Bruce Springsteen
91%
43Bruce Springsteen
91%
86Bruce Springsteen
91%
3U2
87.8%
40U2
87.8%
28Janet Jackson
86.1%
1The Clash
79.5%
26AC/DC
79.4%
84George Michael
69.2%
27Guns N' Roses
65.3%
5Paul Simon
60.8%
34The Rolling Stones
58.5%
87The Rolling Stones
58.5%
50Madonna
57.4%
17The Police
56.3%
83David Bowie
49.9%
47Tina Turner
49.2%
35Metallica
47.9%
62Def Leppard
44.8%
81Van Halen
44.1%
8R.E.M.
43%
41R.E.M.
43%
29John Lennon & Yoko Ono
42.1%
12Public Enemy
36.4%
14Peter Gabriel
35.5%
46Peter Gabriel
35.5%
75Cyndi Lauper
33.9%
4Talking Heads
32.9%
Rank Artist % Correct
54Talking Heads
32.9%
55John Fogerty
30.7%
32John Cougar Mellencamp
29.7%
95John Cougar Mellencamp
29.7%
92Tom Petty
29.5%
39ZZ Top
28.7%
52Dire Straits
21.8%
89Aretha Franklin
21.1%
90Sting
20.9%
11Elvis Costello & the Attractions
20.3%
38Elvis Costello & the Attractions
20.3%
44Bob Dylan
19.9%
51Run-D.M.C.
19.4%
31Roxy Music
18.8%
13Midnight Oil
17.7%
22The Smiths
16.8%
96Culture Club
16.2%
69LL Cool J
15.6%
21Tom Waits
15.5%
73Don Henley
15.4%
45Sonic Youth
14.8%
24X
14.8%
64Living Colour
14.7%
85Neil Young
13.4%
19Lou Reed
13.1%
60Lou Reed
13.1%
98UB40
12.2%
15The Replacements
11.8%
30Los Lobos
11.3%
94New Order
11.2%
37Marvin Gaye
11.1%
56Joy Division
10.9%
33Hüsker Dü
10.6%
9Richard & Linda Thompson
10%
Rank Artist % Correct
6510,000 Maniacs
9.9%
48XTC
9.7%
10Tracy Chapman
9.6%
20Pretenders
9.5%
78The Human League
9.5%
79Steve Earle
8.3%
57Pete Townshend
7.7%
91Lyle Lovett
7%
88Jackson Browne
6.8%
42Robert Cray
6.6%
58Various Artists
6.5%
63Gang of Four
6%
36Anita Baker
5.7%
82Squeeze
5.7%
70The Traveling Wilburys
4.3%
76Public Image Ltd.
4.1%
99Was (Not Was)
4%
80Suzanne Vega
3.8%
67Randy Newman
3.7%
49The Feelies
3.7%
53John Hiatt
3.4%
71Crowded House
3.4%
59George Clinton
3.3%
100Artists United Against Apartheid
3.3%
61Captain Beefheart and the Magic Band
3.2%
77Robbie Robertson
3.2%
66The Neville Brothers
3.1%
93Luther Vandross
2.9%
97Graham Parker
2.8%
68The Specials
2.2%
23Black Uhuru
1.5%
72Marshall Crenshaw
1.3%

You're not logged in!

Compare scores with friends on all Sporcle quizzes.
Sign Up with Email
OR
Log In

You Might Also Like...

Show Comments

Extras

Top Quizzes Today


Score Distribution

Your Account Isn't Verified!

In order to create a playlist on Sporcle, you need to verify the email address you used during registration. Go to your Sporcle Settings to finish the process.

Report this User

Report this user for behavior that violates our Community Guidelines.

Details: